Communal Riots In India (Record no. 521792)

000 -LEADER
fixed length control field 00243nam a22000977a 4500
082 ## - DEWEY DECIMAL CLASSIFICATION NUMBER
Classification number TNC
100 ## - MAIN ENTRY--PERSONAL NAME
Personal name Ghosh, S.K.
9 (RLIN) 36012
245 ## - TITLE STATEMENT
Title Communal Riots In India
Remainder of title Meet The Challenge Unitedly
260 ## - PUBLICATION, DISTRIBUTION, ETC. (IMPRINT)
Place of publication, distribution, etc New Delhi
Name of publisher, distributor, etc Ashish
Date of publication, distribution, etc 1987
300 ## - PHYSICAL DESCRIPTION
Extent 230p.
Holdings
Withdrawn status Lost status Source of classification or shelving scheme Damaged status Koha normalized classification for sorting Not for loan Permanent location Current location Date acquired Full call number Barcode Date last seen Price effective from Koha item type
        TNC   Indian Institute of Public Administration Indian Institute of Public Administration 2023-02-27 TNC GR24108 2023-02-27 2023-02-27 GR

Powered by Koha